000 00831nam a22001817a 4500
999 _c12264
_d12264
003 AR-CdUCM
008 190408b ||||| |||| 00| 0 spa d
040 _aMUNICIPALIDAD PROVINCIAL DEL CUSCO
_cBIBLIOTECA MUNICIPAL DEL CUSCO
082 _23ed.
_a909.2 /
_bD81 / 1863
100 _aDrioux
_928466
245 _aHistoria de la edad media :
_bdesde la invasión de los bárbaros hasta la toma de Constatinopla por los turcos otomanos /
260 _aParis :
_bLibr. de Rosa y Bouret,
_c1863.
300 _a479 páginas ;
_c16.5 cm.
505 _aContenido: Desde la invasión de los bárbaros hasta Carlomágno -- Desde la muerte de Carlomágno hasta el pontificado de San Gregorio VII -- Desde San Gregorio VII la muerte de Bonifacio VIII.
650 _aHistoria medieval
_930030
942 _2ddc
_cLIBROS
945 _aacv
_d08/04/2019